000 02391cam a22005054i 4500
003 PE-LiUPU
005 20250731165520.0
008 150623s2002 sp a r 000 0 spa d
020 _a847208180X
020 _a9788472081802
035 _a(Sirsi) i9788472081802
040 _aPE-LiUPU
_bspa
_cPE-LiUPU
_dPE-LiUPU
_erda
049 _aPRUA
082 0 4 _a613.2
_bP22e
_221
100 1 _aPamplona Roger, Jorge D.,
_eautor.
245 1 0 _aEnciclopedia de los alimentos y su poder curativo :
_btratado de bromatología y dietoterapia /
_cJorge D. Pamplona Roger.
264 1 _aMadrid, España :
_bSafeliz,
_c2002.
300 _a446 páginas :
_bilustraciones ;
_c28 centímetros.
336 _atext
_2rdacontent
337 _aunmediated
_2rdamedia
338 _avolume
_2rdacarrier
490 0 _aBiblioteca Educación y Salud ;
_v2
505 0 _aEl poder curativo de los alimentos: Alimentos para los ojos -- Alimentos para el sistema nervioso -- Alimentos para el corazón -- Alimentos para las arterias -- Alimentos para la sangre -- Alimentos para el aparato respiratorio -- Alimentos para el aparato digestivo -- Alimentos para el hígado y la vesícula biliar -- Alimentos para el estómago -- Alimentos para el intestino -- Alimentos para el aparato urinario -- Alimentos para el aparato reproductor -- Alimentos para el metabolismo -- Alimentos para el aparato locomotor -- Alimentos para la piel -- Alimentos para las infecciones -- Los alimentos y el cáncer -- Los alimentos a lo largo de la vida -- El buen uso de los alimentos.
526 _aSEG44
526 _aSEG26
526 _aP151
526 _aP150
526 _aP149
526 _aP146
526 _aP145
526 _aP126
526 _aP125
526 _aP92
526 _aP75
526 _aP74
526 _aP27
526 _aP15
650 0 4 _aDietética
_xEnciclopedias.
942 _2ddc
_cBOOK
949 _aRC 613.2 P22e 2
_wDEWEY
_c1
_i52326
_lCCODEBUL1
_mBUL
_p40.00
_r0
_sY
_tBOOK
_u2015-06-24
_xTEOLOGIA
_PP35
_0COMPRA
_o.STAFF. Colección Ciencias de la Salud
994 _aC0
_bPEPRU
596 _a1
999 _aRC 613.2 P22E 2
_wDEWEY
_c34147
_i52326
_d34147
_e2016-5-11
_f2021-11-4
_g5
_lCCODEBUL1
_mBUL
_n3
_p40.00
_q7
_r0
_sY
_tBOOK
_u2015-6-24
_xSALUD
_zP35
_0COMPRA
_o.STAFF. Colección Ciencias de la Salud
980 _81
_gALBERTO SANCHEZ Responsable de Automatización